U.S. Presidents Who Didn’t Finish a Term - Statistics

General Stats
  • This quiz has been taken 62 times
  • The average score is 8 of 9
Answer Stats
Reason Answer % Correct
Resignation Richard Nixon
100%
Assasinated John F. Kennedy
98%
Assasinated Abraham Lincoln
96%
Cerebral Hemorrhage Franklin D. Roosevelt
92%
Typhoid Fever William Henry Harrison
87%
Assasinated William McKinley
87%
Assasinated James A. Garfield
83%
Cholera Zachary Taylor
75%
Cardiac Arrest Warren G. Harding
74%
No matching quizzes found
Score Distribution
Percent of People with Each Score
Percentile by Number Answered
Your Score History
You have not taken this quiz